| 000 | 00653nas a2200253 i 4500 | ||
|---|---|---|---|
| 001 | 1322 | ||
| 003 | ES-MaACL | ||
| 005 | 20260226063013.0 | ||
| 007 | t| | ||
| 008 | 950801c1929 xxuq| | 1 ||ng d | ||
| 022 | _a0022-2801 | ||
| 080 | _a(73) | ||
| 080 | _a93/99 | ||
| 245 | 0 | 4 | _aThe Journal of Modern History. |
| 260 |
_aChicago : _bUniversity Chicago Press, _c1929- |
||
| 300 |
_a64 v. ; _c24 cm. |
||
| 310 | _aTrimestral | ||
| 362 | 0 | _aV. I (1929)- | |
| 650 | 1 | 7 |
_aHistoria _2embne _9179933 |
| 852 |
_aES-MaACL _jHEM-H-202 _xhem-845 |
||
| 866 | 0 | _o1945-66,(1975f.ene.-may.)1976-2005. | |
| 942 | _2udc | ||
| 999 |
_c1322 _d1322 |
||